| 000 | 00588nam a22002057a 4500 | ||
|---|---|---|---|
| 003 | 0 | ||
| 005 | 20251112092658.0 | ||
| 008 | 251112b xxu||||| |||| 00| 0 eng d | ||
| 020 | _a0-446-60914-5 | ||
| 050 |
_aPS 3553 _b.C66 2000 |
||
| 100 |
_aConnelly, Michael, _eauthor. |
||
| 245 |
_aVoid moon / _cMichael Connelly. |
||
| 260 |
_aNew York, NY : _bWarner Books, Inc., _c2000. |
||
| 300 |
_avarious pagination ; _c18 cm. |
||
| 650 | _aDetective and mystery fiction. | ||
| 650 |
_aThieves _xFiction. |
||
| 650 |
_aEx-convicts _xFiction. |
||
| 650 |
_aCrime _xFiction. |
||
| 942 |
_2lcc _cBK |
||
| 999 |
_c368611 _d368611 |
||